000 00262nam a2200109Ia 4500
008 220204s9999 xx 000 0 und d
082 _a039
_bMOO
100 _aMoore, A
245 0 _aCultural anthropology
260 _aNew York
_bHarper and Row
_c1978
942 _cBK
999 _c29013
_d29013